|
|
|
|
| LEADER |
00000nab a2200000 a 4500 |
| 001 |
vtls000624581 |
| 003 |
SK-MaSNL |
| 005 |
20260304102622.0 |
| 008 |
250425c1997 xo 0 slo |
| 015 |
|
|
|a SNBRB19rr/mm-uuuuu
|
| 035 |
|
|
|a CL0624720
|
| 035 |
|
|
|a urn:nbn:sk:snk-ab9y8u
|
| 035 |
|
|
|a (urnnbn)urn:nbn:sk:snk:ar-a094cv
|
| 035 |
|
|
|a (uuid)a2fd2c64-e37b-4ce9-bd8e-98c65e329b50
|
| 040 |
|
|
|a SNKBUCL
|b slo
|c SNKBUCL
|e AACR2
|
| 041 |
0 |
|
|a eng
|
| 044 |
|
|
|a xo
|c SK
|
| 080 |
|
|
|a 630 41:632.122:582.632.2
|2 1981
|
| 080 |
|
|
|a 632.122
|2 1981
|
| 080 |
|
|
|a 582.632.2
|2 1981
|
| 100 |
1 |
|
|a Kellerová, Daniela
|4 aut
|9 12376
|
| 245 |
1 |
0 |
|a Expeditive method for the measurements of proton load and its utilization in beech ecosystems
|c Daniela Kellerová, Eduard Bublinec, Rastislav Janík
|
| 300 |
|
|
|b Tab. 4, res. angl., slov., lit. 7 zázn.
|
| 650 |
0 |
7 |
|a ekosystémy bukové
|2 snkbucl
|9 1399857
|
| 650 |
0 |
7 |
|a imisie
|2 snkbucl
|9 14222
|
| 655 |
|
7 |
|a články z novín a časopisov
|2 snkbucl
|9 267496
|
| 700 |
1 |
|
|a Bublinec, Eduard,
|d 1937-
|4 aut
|9 110253
|
| 700 |
1 |
|
|a Janík, Rastislav
|4 aut
|9 12653
|
| 773 |
0 |
|
|t Ekológia
|g Roč. 16, č. 1 (1997), s. 17-22
|
| 850 |
|
|
|a Slovenská národná knižnica
|
| 852 |
|
|
|a Slovenská národná knižnica
|
| 958 |
|
|
|a article13
|
| 958 |
|
|
|a NB
|
| 958 |
|
|
|a RK
|
| 958 |
|
|
|a OND
|
| 958 |
|
|
|a EUIPO
|
| 992 |
|
|
|a RBX
|
| 999 |
|
|
|c 2845751
|d 2847681
|